[Event "Cannes Generations"]
[Site "Cannes"]
[Date "1998.??.??"]
[Round "6"]
[White "Bacrot, Etienne"]
[Black "Kortschnoj, Viktor Lvovich"]
[Result "1-0"]
[WhiteElo "2565"]
[BlackElo "2625"]
[Annotator "King,D"]
[PlyCount "83"]
[EventDate "1998.02.21"]
[EventType "schev"]
[EventRounds "8"]
[EventCountry "FRA"]
[SourceTitle "CBM 065"]
[Source "ChessBase"]
[SourceDate "1998.08.06"]
[SourceVersion "1"]
[SourceVersionDate "1998.08.06"]
[SourceQuality "1"]

1. d4 Nf6 2. Nf3 e6 3. c4 b6 4. g3 Bb7 5. Bg2 Bb4+ 6. Bd2 a5 7. O-O O-O 8. Nc3
d6 9. Re1 Nbd7 10. Qc2 Bxc3 11. Bxc3 Be4 12. Qa4 c5 13. Nh4 Qc7 14. Red1 Bxg2
15. Nxg2 Ne4 16. Be1 cxd4 17. Rxd4 Ndc5 18. Qa3 f5 19. f3 Ng5 20. Rad1 Rad8 21.
h4 Nf7 22. Qe3 Ne5 23. b3 {It's curious, but I think it is this move which is
the root of White's problems. First of all, the move is unnecessary, and
second, Black is able to grab the initiative.} (23. Nf4 {would have prevented
Black's plan, e.g.} Rfe8 24. b3 Nc6 25. R4d2 {and now ...e5 would allow the
knight in on d5, which isn't fatal, but it's not desirable either.}) 23... Nc6
24. R4d2 e5 $1 {Preventing the knight arriving on f4.} 25. Bf2 Rf6 26. Qc3 f4
$1 {Preventing the knight arriving on e3.} 27. gxf4 exf4 28. h5 Re8 29. Bh4 Rf5
30. Rxd6 Rxe2 31. Bf2 Rg5 {Looks good, but isn't. Better to keep hold of the
f-pawn. I imagine we are entering zeitnot.} (31... Rxa2 {immediately is
stronger:} 32. Bxc5 $2 (32. h6 $5) 32... bxc5 33. Rd7 Qe5) 32. Kf1 Rxa2 33.
Nxf4 h6 $2 (33... Ne5 $5) 34. Bh4 $2 (34. Bxc5 {wins material:} bxc5 (34...
Rxc5 35. Ne6 Rxh5 36. Rd8+ Nxd8 37. Rxd8+ Kh7 38. Qd3+ g6 39. Nf8+ Kg7 40.
Qxg6+ Kh8 41. Ne6+ Qxd8 42. Qg7#) 35. Ne6 Rgg2 36. R1d2 Rgxd2 37. Rxd2 Qe7 38.
Rxa2 Qxe6 39. Rg2 $18) 34... Rf5 35. Bg3 Ne5 36. Rd8+ Kh7 37. Qe3 Qf7 38. R8d5
Rxh5 39. Nxh5 Qxh5 40. R1d2 Qh1+ $2 {This isn't fatal but it doesn't help.} (
40... Rxd2 41. Rxd2 Nxf3 {is the most clear-cut way of playing the attack.
Black has two pawns for the exchange, some checks and the pawn on b3 in the
bag. Should be winning:} 42. Rd5 (42. Rf2 Qh1+ 43. Ke2 Ng5 $40) 42... Qh1+ 43.
Kf2 Ng5 $40 {for example.}) 41. Ke2 Ra1 $4 ({Black's best was to play} 41...
Rxd2+ 42. Rxd2 Nf7 {and with a pawn for the exchange, and White's king exposed,
Black still has drawing chances.}) 42. Qxe5 {White is a rook up and has a
winning position, though if I were Black I might have punted a few more moves
before throwing it in.} 1-0

[Event "Koop Tjuchem"]
[Site "Groningen"]
[Date "1996.??.??"]
[Round "5"]
[White "Kortschnoj, Viktor Lvovich"]
[Black "Sokolov, Ivan"]
[Result "0-1"]
[WhiteElo "2635"]
[BlackElo "2670"]
[Annotator "Huebner,R"]
[PlyCount "70"]
[EventDate "1996.12.20"]
[EventType "tourn"]
[EventRounds "11"]
[EventCountry "NED"]
[EventCategory "16"]
[SourceTitle "CBM 057"]
[Source "ChessBase"]
[SourceDate "1997.04.01"]
[SourceVersion "1"]
[SourceVersionDate "1997.04.01"]
[SourceQuality "1"]

1. Nf3 {Kortschnoj} Nf6 2. c4 c6 3. Nc3 d5 4. d4 a6 5. g3 (5. c5 {Kortschnoj})
(5. Ne5 {Kortschnoj}) (5. a4 {Kortschnoj}) (5. Qb3 {Kortschnoj}) 5... dxc4 (
5... b5 {Kortschnoj} 6. c5 g6 $14 7. Bg2 Bg7 8. Ne5 O-O 9. O-O Be6 {0-1
Kortschnoj,V-Shirov,A/Groningen 1996/CBM 57 (42)}) 6. a4 (6. Ne5 $5 {Kortschnoj
} b5 7. Bg2 $44) 6... g6 {Mit diesem Abspiel wurde bisher wenig Erfahrung
gesammelt. Für den Textzug habe ich kein Vorbild gefunden. Er gefällt mir gut:
Schwarz erhält Druck gegen den Punkt d4.} 7. Bg2 (7. Ne5 $5 Bg7 (7... c5 8.
dxc5 Qxd1+ 9. Nxd1 $14) 8. Nxc4 Be6 $11) 7... Bg7 8. a5 (8. Ne5 Ng4 $15) 8...
O-O 9. O-O (9. Qa4 $6 {Kortschnoj} c5 (9... Be6 $5) 10. dxc5 Nc6 $11) 9... Nd5
10. Ne4 $6 {Dieser Zug gefällt mir nicht sonderlich. In Betracht kommen:} (10.
e4 Nxc3 (10... Nb4 11. Qa4 (11. Ra4 Nd3 12. Rxc4 Nxc1 13. Qxc1 Qxa5 $17) 11...
Nd3 12. Qxc4 Nxc1 13. Rfxc1 $14) 11. bxc3 c5 12. Be3 $13) (10. Qa4 b5 (10...
Nxc3 {Kortschnoj} 11. bxc3 c5 $11) 11. axb6 Nxb6 12. Qc2) 10... Bf5 11. Nfd2 (
11. Nc5 Nd7 12. Nxb7 Qb8 13. Nc5 Nxc5 14. dxc5 Bxb2 {ist uerfreulich für Weiß.}
) (11. Ned2 c3 {ist ebenfalls ungünstig.}) 11... Bxe4 (11... Bxd4 {ist nicht
ohne weiteres von der Hand zu weisen, aber auch der Textzug ist nicht schlecht.
}) (11... Bxd4 {Kortschnoj} 12. Nxc4 {with good compensation}) 12. Nxe4 Nd7 13.
f4 $6 {Weiß will e7-e5 verhindern, aber der Zug schafft böse Felderschwächen.
Ich würde} (13. Nc3 {versuchen.}) (13. Qc2 $5 {Kortschnoj} Bxd4 14. Qxc4 $44)
13... Rc8 (13... e6 $5 {kam in Betracht:} 14. Nd6 c3 {usw.}) 14. Nc3 (14. Ra4
$5 {Kortschnoj}) 14... Nb4 15. Ra4 (15. Kh1 $1 {Kortschnoj}) 15... b5 16. axb6
(16. Rxb4 Qxa5 $19) 16... Qxb6 17. Be3 $6 {Weiß läßt seinen b-Bauern ohne
Deckung.} (17. Kh1 {war zäher.} Rfd8 {Kortschnoj} 18. e3 (18. e4 $2 e5 19. dxe5
(19. fxe5 Nxe5 $19) 19... Nc5 $19) 18... e5 19. Qe2 exd4 20. exd4 Bxd4 21. Qxc4
$15) 17... Nf6 18. Kh1 Nbd5 19. Bc1 Ng4 20. Nxd5 (20. Bxd5 cxd5 21. e4 (21.
Nxd5 {Kortschnoj} Qb7 (21... Qe6 $17) 22. e4 f5 $17) 21... Nf6 22. e5 Nd7 (
22... Ne4 23. Nxe4 dxe4 24. Rf2 {scheint mir nicht so überzeugend zu sein.})
23. f5 gxf5 24. Rxf5 e6 25. Rf4 f6 {ist hoffnungslos für Weiß.}) 20... cxd5 21.
e4 Nf6 22. exd5 $6 (22. e5 Ne4 23. f5 {war einen Versuch wert.}) 22... Qb5 $19
(22... Rfd8 $1 {Kortschnoj}) 23. f5 (23. Bd2 $1 {Kortschnoj} Qxb2 (23... Nxd5
$4 24. Ra5 $18) (23... Rfd8 24. Rb4 Qd7 25. Qe2 $15) 24. Bb4 Rfe8 25. Bc5 $15)
23... Nxd5 24. Bd2 e6 25. Ra5 Qxb2 26. Bxd5 exd5 27. f6 Bh8 28. Bc1 Qb6 29. Qa4
Rc6 30. Ba3 Rxf6 31. Rd1 Qe6 32. Bxf8 Qe4+ 33. Kg1 Qe3+ 34. Kg2 Rf2+ 35. Kh3
Qe6+ 0-1

[Event "Lost Boys 5th"]
[Site "Antwerp"]
[Date "1997.??.??"]
[Round "5"]
[White "Sokolov, Ivan"]
[Black "Kortschnoj, Viktor Lvovich"]
[Result "1/2-1/2"]
[WhiteElo "2635"]
[BlackElo "2610"]
[Annotator "Huzman,A"]
[PlyCount "90"]
[EventDate "1997.08.01"]
[EventType "tourn"]
[EventRounds "7"]
[EventCountry "BEL"]
[EventCategory "15"]
[SourceTitle "CBM 061"]
[Source "ChessBase"]
[SourceDate "1997.11.23"]
[SourceVersion "1"]
[SourceVersionDate "1997.11.23"]
[SourceQuality "1"]

1. d4 {Epishin} d5 2. c4 dxc4 3. Nf3 Nf6 4. e3 e6 5. Bxc4 c5 6. O-O a6 7. Bb3
cxd4 8. exd4 Nc6 9. Nc3 Be7 (9... Na5 10. Bc2 Be7 11. Bg5 O-O 12. Qe2 Nc6 13.
Rad1 Nb4 14. Bb3 Nbd5 15. Rfe1 h6 16. Nxd5 Nxd5 17. Bxe7 Nxe7 18. Ne5 Bd7 19.
Qg4 Be8 20. Re3 Nc6 21. Rg3 Qf6 22. Qh5 Kh8 23. Rf3 Qe7 24. Re3 {1/2-1/2
Yermolinsky,A-Ehlvest,J/New York PCA-op 1994/EXP 41}) 10. Re1 (10. Bf4 O-O 11.
Rc1 Bd7 12. Re1 Rc8 13. a3 b5 14. d5 exd5 15. Nxd5 Nxd5 16. Bxd5 Bf6 17. b4 Ne7
18. Bb3 Rxc1 19. Qxc1 Ng6 20. Bg5 Bg4 21. Bxf6 Qxf6 22. Ng5 h6 23. Ne4 Qd4 24.
h3 Bc8 25. Qc7 Ne5 26. Qd6 Qb2 27. Nd2 Nd7 28. Re7 Nf6 29. Rxf7 Rxf7 30. Qd8+
Kh7 31. Bxf7 Bf5 32. g4 Bc2 33. Qc8 Bd3 34. Nf3 Be4 35. g5 Qb1+ 36. Kh2 Bxf3
37. g6+ {1-0 Romanishin,O-Mirzoev,A/MK Cafe op 1997/EXP 59}) 10... O-O 11. a3 (
11. Bg5 b5 (11... Na5 12. Bc2 b5 13. d5 h6 14. Qd3 hxg5 15. Nxg5 g6 16. Nxe6
Bxe6 17. Rxe6 Nc4 18. Rae1 Bb4 19. Ne4 Nxd5 20. Qg3 Ra7 {0-1 Ortega,L-Magem
Badals,J/Ubeda op 1996/EXP 51}) 12. Qd2 Na5 13. Bc2 Bb7 14. Qd3 g6 15. Ne5 Nd5
16. Bh6 Nb4 17. Qd2 Nxc2 18. Qxc2 Re8 19. Rad1 b4 20. Ne4 Rc8 21. Qd3 Bd5 22.
b3 Nb7 23. Rc1 Nd6 24. Rxc8 Qxc8 25. Nxd6 Bxd6 {Sliwa,B-Filip,M/Varna olm 1962/
MCD-ol/1/2-1/2 (40)}) 11... Qa5 {[%cal Yf8d8,Yc8d7,Yd7e8]} (11... b5 12. d5
exd5 13. Nxd5 Nxd5 14. Qxd5 Bb7 15. Qh5 $16) 12. Bd2 (12. d5 exd5 (12... Rd8
$140 13. Bd2) 13. Nxd5 Nxd5 14. Qxd5 Qxd5 15. Bxd5 Bf6 $11) (12. Bg5 Rd8 {
[%cal Yc6d4]}) 12... Qh5 13. Bg5 h6 (13... Rd8 14. Ne2 $1 {[%csl Rh5]} Ne5 $140
$2 15. dxe5 $18) 14. Bxf6 Bxf6 15. Ne4 Be7 16. Rc1 Qa5 (16... Rd8 17. d5 $5 (
17. Ba4 $1 {Epishin} Bd7 18. Nc5 Bxc5 19. Rxc5 Qg6 20. Bc2 Qf6 21. Qd3 g6 22.
Qe3 Kg7 23. Be4 $14) 17... Ne5 (17... exd5 $140 18. Ng3 Qg4 19. Rxc6 $16) 18.
Nd4 Qxd1 19. Rcxd1 exd5 20. Nc3 $14) 17. Rc3 {[%cal Gc3d3,Gd4d5]} (17. d5 exd5
18. Qxd5 Qb6 $15) 17... Rd8 18. Rd3 Bd7 19. Bc2 $6 (19. d5 exd5 20. Bxd5 Bf5
$11) 19... Be8 20. b4 Qb6 {[%cal Ya6a5]} 21. d5 exd5 22. Rxd5 a5 $1 (22... Rac8
23. Nc3 $1 Bf6 24. Rxd8 Qxd8 25. Nd5 $14) (22... Rxd5 {Epishin} 23. Qxd5 Rd8
24. Qf5 g6 25. Nf6+ Kg7 26. Nh5+ Kg8 27. Qf4 Qb5 28. Nf6+ Kg7 29. Nxe8+ Rxe8
30. Bb3 Rf8 31. Bc4 Qb6 32. Rd1 $14) 23. Qd3 {[%cal Ge4f6,Gd3h7]} g6 24. Bb3 (
24. bxa5 Nxa5 $15) 24... axb4 (24... Rxd5 25. Bxd5 (25. Qxd5 {Epishin} Rd8 26.
Nf6+ Kf8 (26... Kh8 27. Rxe7 Nxe7 28. Qe5 Nc6 29. Qf4 $18) 27. Qc4 $1 $16)
25... axb4 26. Nd6 $1 Kf8 27. Qd2 $1 $40) 25. Nd6 Kg7 (25... bxa3 {[%cal Yc6b4]
} 26. Nxe8 (26. Rb5 Rxd6 27. Qxd6 Qxf2+ 28. Kxf2 Bxd6 $17) 26... Nb4 27. Qc3 $1
(27. Qd4 Qxd4 28. Rxd4 Rxd4 29. Nc7 Rc8 30. Rxe7 Rd3 $19) 27... Rxe8 28. Rd7
$44) 26. Nxe8+ Rxe8 27. Qc4 {[%cal Gd5b5]} Qa6 $8 $32 (27... Bf6 28. Rxe8 Rxe8
29. Rd7 $40) 28. Rb5 Rf8 29. axb4 Rac8 30. Qf1 {[%cal Ge1a1]} Bf6 (30... Bxb4
31. Ra1 Ba3 32. Bc4 $11) 31. Bc4 Qa7 32. Bd5 Rc7 33. g3 Nd4 $11 34. Nxd4 Bxd4
35. Kg2 Rd8 36. Rc1 Rcd7 37. Bf3 b6 38. Rc2 Qa4 39. Qc4 Qa1 40. Rd5 Rxd5 41.
Bxd5 Rd7 42. Rd2 Bf6 43. Qb5 Qa7 44. Rc2 Rd6 45. h4 Qe7 1/2-1/2

[Event "Tilburg Fontys"]
[Site "Tilburg"]
[Date "1998.11.03"]
[Round "10"]
[White "Piket, Jeroen"]
[Black "Kortschnoj, Viktor Lvovich"]
[Result "1/2-1/2"]
[WhiteElo "2605"]
[BlackElo "2625"]
[Annotator "Kortschnoj"]
[PlyCount "53"]
[EventDate "1998.10.23"]
[EventType "tourn"]
[EventRounds "11"]
[EventCountry "NED"]
[EventCategory "18"]
[SourceTitle "EXT 1999"]
[Source "ChessBase"]
[SourceDate "1998.11.16"]
[SourceVersion "1"]
[SourceVersionDate "1998.11.16"]
[SourceQuality "1"]

1. Nf3 {Tsesarsky} d5 2. d4 Nf6 3. c4 e6 4. Nc3 c5 5. cxd5 Nxd5 6. e3 Nc6 7.
Bc4 Nf6 {One of the best moves in this position.} 8. O-O a6 {The position
resembles the queen´s gambit accepted, where Nc3 is not the most exact move.}
9. a3 (9. Qe2 {Interesting is} cxd4 (9... b5 10. Bb3 Bb7 11. Rd1 Qc7 12. d5 {
with an edge to white.}) 10. Rd1 Na5 $5 {After} 11. Rxd4 Qc7 {it becomes
obvious,that some white pieces are misplaced.}) 9... b5 10. Ba2 Bb7 11. Qe2 Qc7
12. h3 $1 (12. dxc5 Bxc5 13. b4 Bd6 14. Bb2 Ne5 $1 {with an advantage for
black. The last move had not been played in the game Marshall-Wolf, 1906(!).} (
{After} 14... O-O 15. Rac1 Rad8 16. Bb1 Ba8 17. Ne4 {white got a winning
position.})) 12... Be7 $2 (12... Rd8 $1 $15) (12... b4 $5) 13. dxc5 Bxc5 14. b4
Bd6 15. Bb2 Rc8 $6 (15... O-O 16. Rac1 Qe7 $11) 16. Rac1 Qb8 17. Bb1 $14 Ne7
18. Ng5 (18. Nd2 $14) 18... Rc4 $5 19. Bd3 h6 20. Nf3 (20. Bxc4 hxg5 21. Bd3
Bh2+ 22. Kh1 Rxh3 $44) (20. Nxe6 $1 {Tsesarsky} fxe6 21. Bxc4 bxc4 22. Qxc4
Ned5 (22... e5 23. Rfd1 $16) 23. Na4 $1 O-O 24. Nc5 Bxc5 25. bxc5 Bc8 (25...
Bc6 26. Qxa6 $16) 26. Bxf6 Rxf6 27. c6 Qb2 28. Qc5 $16) 20... Rc8 21. Nd2 Qa8
22. f3 Nf5 23. Nce4 Nxe4 24. Nxe4 O-O 25. Nxd6 Nxd6 26. Qf2 Rfd8 27. e4 $14 {
In anticipation of approaching time trouble white offered a draw, what without
a hesitation was accepted.} 1/2-1/2

[Event "Tilburg Fontys"]
[Site "Tilburg"]
[Date "1998.11.04"]
[Round "11"]
[White "Kortschnoj, Viktor Lvovich"]
[Black "Topalov, Veselin"]
[Result "1/2-1/2"]
[WhiteElo "2625"]
[BlackElo "2700"]
[Annotator "Golod,V"]
[PlyCount "86"]
[EventDate "1998.10.23"]
[EventType "tourn"]
[EventRounds "11"]
[EventCountry "NED"]
[EventCategory "18"]
[SourceTitle "EXT 1999"]
[Source "ChessBase"]
[SourceDate "1998.11.16"]
[SourceVersion "1"]
[SourceVersionDate "1998.11.16"]
[SourceQuality "1"]

1. d4 Nf6 2. c4 e6 3. Nc3 Bb4 4. Qc2 d5 5. cxd5 Qxd5 6. Nf3 Qf5 7. Qxf5 $6 {
After this move,white has a very small advantage in the endgame.} (7. Qb3 $5 {
-is the main line.See comments to Dreev,A-Bareev,E/Elista,1998/CBM65(0-1);
[Golod,V];(32)}) 7... exf5 8. Bf4 $5 ({Other alternatives are:} 8. Bd2 $5) ({
and} 8. a3 $5 {-also see comments to Dreev,A-Bareev,E/Elista,1998/CBM65(0-1);
[Golod,V];(32)}) 8... Be6 $1 $146 {[%mdl 8] is the best move.} ({Worse is:} 
8... c6 {[%csl Rd6] (weakness:d6)} 9. a3 Be7 10. e3 Nbd7 11. Nd2 Nb6 12. Nc4
O-O 13. h3 Be6 14. Na5 $14 {1/2-1/2 Jacimovic,D-Cao Sang/Erevan 1996/EXT 97 
(58)}) ({Senseless:} 8... Nd5 {because of:} 9. Bd2 $14) 9. a3 $5 (9. Bxc7 $2 {
this move is refuted by:} Nd5 $1 (9... Nc6 $2 {[%cal Gf6d5]} 10. Bf4 Ne4 11.
Bd2 Nxd2 12. Kxd2 {+/=/+/-}) 10. Bxb8 $8 Rxb8 $1 (10... Nxc3 $2 11. a3 Ba5 12.
Bd6 $16) 11. Rc1 (11. a3 $5 Bxc3+ 12. bxc3 Nxc3 {=/=/+}) 11... Rc8 12. Kd2 $2 (
12. a3 Bxc3+ 13. bxc3 Nxc3 {=/=/+}) 12... O-O $1 13. e3 $140 Nxc3 14. bxc3 Rxc3
$1 15. Rxc3 Rc8 16. Bc4 Rxc4 17. Rhc1 Rxc3 18. Rxc3 Bxa2 $17) 9... Bd6 $1 ({
Badly:} 9... Ba5 {in view of:} 10. b4 Bb6 11. Na4 {and white has a positional
advantage in the endgame.}) 10. Bxd6 cxd6 {+/=/=} 11. e3 ({Senseless:} 11. Nb5
{because of:} Kd7 12. Rc1 Nc6 $11 {[%cal Gh8c8]}) 11... Nbd7 $5 {Black's plan:
Ke7,Rac8,Nb6(><d5;c4)} 12. Rc1 ({Dubious:} 12. Nb5 Ke7 $140 13. Nc7 Rac8 14.
Nxe6 fxe6 15. Bd3 $11) 12... Ke7 13. Bd3 Rac8 14. Ke2 $5 {White's plan:Nd2,Rc2,
Rac1} Nb6 15. Nd2 a6 $5 {(><b5;/\Rc7,Rac8,Nbd5)} ({Now badly:} 15... Rc7 {
in view of:} 16. Nb5 Rxc1 17. Rxc1 {[%csl Ra7][%cal Gc1c7]} Rc8 $14) 16. Rc2
Rc7 17. Rhc1 {[%csl Rc7][%cal Gc3d5]} Rhc8 18. h3 $5 {/\f3;g4or e4} h5 $5 {
[%cal Yh5g4]} ({Worse is:} 18... Kd8 {(/\Nbd5 or Nc4)} 19. f3 h5 20. e4 fxe4
21. fxe4 {+/=/=}) 19. h4 (19. f3 $142 $5 Nfd5 ({Loses:} 19... Nc4 $2 {because
of:} 20. Nd1 $1 {[%csl Rc4,Rc7]} b5 21. b3 $18) (19... d5 $6 20. Nb3 Nbd7 (
20... Nfd7 $143 21. Na5 $1 {+/=/+/-}) 21. Na5 $14) 20. Nxd5+ Nxd5 21. Rxc7+
Rxc7 22. Rxc7+ Nxc7 23. e4 fxe4 24. fxe4 {+/=/=}) 19... Kd8 $5 {[%cal Yd8c7,
Gb6d5,Gb6c4]} 20. Kf3 $5 {with the idea after 20...Nc4? 21.Nxc4 Bxc4 22.Bxf5+-}
g6 {[%cal Yg6f5]} 21. Kg3 Kd7 $11 ({Is the better move,than:} 21... Nbd5 22.
Nxd5 Nxd5 23. Rxc7 Rxc7 24. Rxc7 Kxc7 {+/=/=_|_}) 22. Ne2 Rxc2 23. Rxc2 Rxc2
24. Bxc2 {[%mdl 4096]} Ke7 $5 {קf7 and /\Bd7-c6(diagonal a8-h1)} 25. Nf4 Bd7
26. f3 Bc6 27. Kf2 ({Dubious:} 27. e4 {in view of:} fxe4 28. fxe4 Na4 $1 {
and already black has a slight advantage in the endgame.}) 27... Nfd5 28. Nxd5+
Bxd5 {/\Nc4} 29. e4 fxe4 30. fxe4 Be6 {[%cal Gb6c4]} 31. Ke3 (31. d5 $2 Bg4 {
[%csl Re5][%cal Gb6d7,Gd7e5]} 32. Nf3 Nd7 33. Ke3 Ne5 $1 $15) 31... Nc4+ 32.
Nxc4 Bxc4 33. Kf4 ({Can be recommended:} 33. b3 Be6 34. b4 {[%csl Ra6,Rb7]})
33... a5 $1 $11 34. Kg5 b6 35. g3 Ke6 36. Kh6 Ke7 37. Kg7 Be6 ({Badly:} 37...
Ke6 38. Kf8 {[%csl Rb6][%cal Gf8e8,Ge8d8,Gd8c7]} b5 (38... Kd7 $2 39. b3 $18 {
[%csl Rf7]}) 39. Ke8 a4 40. Kd8 f6 41. Kc7 {+/=/+/-}) 38. b3 b5 $1 {[%cal
Gb5b4] (/\b4;><c4 for bishop)} 39. b4 $8 axb4 40. axb4 Bc4 41. Bd1 Bd3 42. Bf3
Bc4 43. Bg2 Bd3 1/2-1/2

[Event "Donetsk m"]
[Site "Donetsk"]
[Date "2001.01.18"]
[Round "3"]
[White "Ponomariov, Ruslan"]
[Black "Kortschnoj, Viktor Lvovich"]
[Result "1-0"]
[WhiteElo "2677"]
[BlackElo "2639"]
[Annotator "Ponomariov,R"]
[PlyCount "89"]
[EventDate "2001.01.16"]
[EventType "match"]
[EventRounds "8"]
[EventCountry "UKR"]
[SourceTitle "CBM 081"]
[Source "ChessBase"]
[SourceDate "2001.03.20"]
[SourceVersion "1"]
[SourceVersionDate "2001.03.20"]
[SourceQuality "1"]

1. e4 {Kortschnoj} e5 2. Nf3 Nc6 3. Bb5 a6 4. Ba4 Nf6 5. O-O Nxe4 6. d4 b5 7.
Bb3 d5 8. dxe5 Be6 9. Be3 Nc5 $5 {'?!' Kortschnoj. Kortschnoj: '9...Be7'} 10.
Nc3 Nxb3 11. cxb3 $1 Be7 12. Rc1 Qd7 (12... O-O $5 13. Nxb5 axb5 14. Rxc6 Rxa2
15. Qb1 Ra8 16. Rfc1 Rc8 17. Qc2 $14) 13. h3 $1 (13. Ne2 Rc8 14. Nf4 O-O 15.
Bc5 Rfd8 16. Bxe7 Nxe7 17. Qd4 Bg4 18. Ne1 (18. Nd2 c5 $1 19. Rxc5 Rxc5 20.
Qxc5 g5 21. h3 gxf4 22. hxg4 Ng6 $132) 18... c5 $3 19. Rxc5 Nf5 20. Qc3 d4 $132
{Smagin-Mikhalchishin, Moscow 1989}) 13... O-O (13... Nd8 $5 {/\c5} 14. Ne2 Nb7
15. Nf4 c5 16. Nh5 O-O 17. Qd2 Kh8 18. Bg5 d4 19. Qf4 $40) 14. Ne2 {'+/-'
Kortschnoj.} f6 $6 $146 {Kortschnoj: 'A novelty. More stubborn already applied
several times is 14...Rfc8'} (14... Rfc8 15. Nf4 a5 16. a3 Nd8 17. Nd3 Bf5 18.
Nc5 Bxc5 19. Bxc5 Ne6 20. Nd4 $14 {Groszpeter-Brunner, Biel 1990}) 15. exf6
Rxf6 {'?' Kortschnoj.} (15... Bxf6 $142 16. Ned4 (16. Qc2 {Kortschnoj Still it
had to be played:} d4 (16... Nb4 17. Qd2 $1) 17. Qxc6 dxe3 18. fxe3 Bxb2 19.
Qxd7 Bxd7 20. Rxc7 {with two bishops black has some practical chances to save
the game.}) 16... Bxd4 (16... Nxd4 17. Bxd4 Rae8 18. Re1 $16) 17. Nxd4 Nxd4 18.
Bxd4 $14) 16. Ned4 {'!' Kortschnoj. Kortschnoj: 'After this strong move it
becomes clear that black is totally outplayed and will be not able to hold the
game too long.'} Nxd4 $8 (16... Bf7 $2 17. Rxc6 $1 $18) (16... Bxh3 $6 17. Rxc6
Qg4 18. Nh4 Qxh4 19. Rxf6 Bxf6 20. Nf3 Qh5 21. gxh3 $18) 17. Bxd4 {Kortschnoj:
'Of course not'} (17. Nxd4 $4 {Kortschnoj} Bxh3 $1) 17... Rf5 18. Ne5 Qc8 {
Kortschnoj: 'Black makes the only moves not to lose at once...'} 19. Nc6 $16
Bd6 20. Bc5 Qd7 21. Bxd6 cxd6 $6 {Kortschnoj: 'Since superiority of white is
based on domination along the c-file black clears it off. But now white gets
an excellent square for his pieces-d4!  '} (21... Qxd6 22. Nd4 Rf4 $1 (22...
Re5 23. Rc6 Qd7 24. Re1 Rxe1+ 25. Qxe1 Bf7 26. Qe5 Re8 27. Rxc7 $16) 23. Nxe6 (
23. Rc6 $140 $6 Rxd4 $1 24. Rxd6 Rxd1 25. Rxe6 Rd2 26. Rc1 Ra7 27. Re8+ Kf7 28.
Rc8 Rxb2 29. R8xc7+ Rxc7 30. Rxc7+ Kf6 31. Rc6+ Ke5 32. Rxa6 d4 $13) (23. Qd2
$5 Bd7 24. b4) 23... Qxe6 24. Rxc7 $16) 22. Nd4 Re5 23. Rc3 b4 {'?!'
Kortschnoj. Kortschnoj: 'It is hard to find good moves in a bad position.
Still, it was better not to create new pawn weaknesses, but to play with the
rook a8-to c8 or e8.'} 24. Rg3 {'!' Kortschnoj. Kortschnoj: 'Unexpected turn
of the game - white begins an assault on the king side!'} a5 25. Kh2 {
Kortschnoj: 'Very important preparatory move - after'} (25. f4 $6 Re4 26. f5 (
26. Nf5 $6 g6 27. Ne3 d4 28. Nc2 Qa7 $132) 26... Qa7 $1 {Kortschnoj: 'black
gets some counterplay.'}) 25... Bf7 26. Nf3 Rf5 27. Qd4 $1 {'+-!' Kortschnoj.}
g6 (27... Bg6 {Kortschnoj} 28. Nh4 {winning at least a pawn.}) 28. Qd2 Re8 29.
Nd4 Rfe5 30. f4 Re4 31. f5 $40 Kh8 32. Qh6 $1 $18 Qe7 (32... Rxd4 33. fxg6 Bxg6
34. Rf8+ Rxf8 35. Qxf8#) 33. Nf3 (33. fxg6 Bxg6 34. Rxg6 Rxd4 $1 (34... Rh4 $2
35. Re1 $3 $18) 35. Rgf6 Rg8 36. Rf7 Rh4 $1 $16) (33. f6 $5 Qf8 34. Qd2) 33...
Qf8 34. Qg5 (34. Ng5 $5 Qxh6 35. Nxf7+ Kg7 36. Nxh6 Kxh6 37. fxg6 hxg6 38. Rf6
Rg8 39. Rxd6 Re2 40. Rxd5 Rxb2 41. Rxa5 $18) (34. Ng5 {Kortschnoj was also
strong but white prefers to finish the the with mating attack.}) 34... Qg7 35.
f6 Qf8 36. Rc1 h6 37. Qd2 g5 (37... Re2 38. Qd4 R2e4 39. Qb6 Rf4 40. Qxa5 Rxf6
41. Qxb4 $18) 38. Rc7 Re2 (38... Rf4 39. h4 $1 gxh4 40. Rg7 Rxf6 41. Rcxf7 $1)
39. Qc1 R2e6 $138 40. h4 Rxf6 {Kortschnoj: '40...gh 41.Rg7 Rf6 42.Rcf7'} 41.
hxg5 Rg6 42. Qf4 Be6 43. Nh4 $1 Rg7 44. Qd4 Kh7 (44... Kg8 45. gxh6 Rxg3 46.
h7#) 45. Qd3+ (45. Qd3+ Kg8 46. gxh6 Rxg3 47. Qh7#) 1-0